[Event "South Asian Chess Council-ch (Women)"]
[Site "Godawari"]
[Date "2023.06.18"]
[Round "7"]
[White "Gurung, Sushila"]
[Black "Dhimal, Shanti"]
[Result "0-1"]
[WhiteElo "1366"]
[BlackElo "1466"]
[PlyCount "67"]
[EventDate "2023.06.14"]
[EventType "tourn"]
[EventRounds "7"]
[EventCountry "NEP"]
[SourceTitle "EXT 2024"]
[Source "ChessBase"]
[SourceDate "2023.10.10"]
[SourceVersion "1"]
[SourceVersionDate "2023.10.10"]
[SourceQuality "1"]

1. e4 Nc6 2. d4 e6 3. c4 b6 4. Nf3 Bb7 5. Bf4 h5 6. Be2 Be7 7. Nc3 g5 8. Be3 g4 9. Nd2 f5 10. h3 Bg5 11. hxg4 f4 12. d5 fxe3 13. Rxh5 exd2+ 14. Kf1 Rxh5 15. gxh5 Nd4 16. Bd3 Qf6 17. e5 Qf4 18. Ne2 Nxe2 19. Qxe2 0-0-0 20. g3 Qd4 21. Rb1 Rf8 22. Kg1 Ne7 23. b4 Nf5 24. Qf3 Bh6 25. Qe4 exd5 26. Qxd4 Nxd4 27. c5 Nf3+ 28. Kf1 Re8 29. Be2 d4 30. Rb3 Rxe5 31. Rb1 d3 32. Bd1 Ng5 33. f4 Re1+ 34. Kf2 0-1

[Event "NEP-ch (Women)"]
[Site "Kathmandu"]
[Date "2023.04.21"]
[Round "6"]
[White "Gurung, Sushila"]
[Black "Shrestha, Riya"]
[Result "1/2-1/2"]
[WhiteElo "1326"]
[BlackElo "1134"]
[PlyCount "128"]
[EventDate "2023.04.18"]
[EventType "tourn"]
[EventRounds "9"]
[EventCountry "NEP"]
[SourceTitle "EXT 2024"]
[Source "ChessBase"]
[SourceDate "2023.10.10"]
[SourceVersion "1"]
[SourceVersionDate "2023.10.10"]
[SourceQuality "1"]

1. c4 d5 2. cxd5 Qxd5 3. Nc3 Qd8 4. d4 c6 5. e4 e6 6. a3 f6 7. Nf3 Ne7 8. Bf4 Ng6 9. Bg3 Nd7 10. Bc4 e5 11. dxe5 fxe5 12. Qb3 Qf6 13. Rd1 Nb6 14. Bg8 Bg4 15. Rd3 Nd7 16. Bf7+ Qxf7 17. Qxf7+ Kxf7 18. Ng5+ Kg8 19. h3 Nc5 20. Re3 Be7 21. hxg4 Bxg5 22. Rf3 Nf4 23. Bxf4 Bxf4 24. 0-0 h5 25. gxh5 Rxh5 26. g3 Bg5 27. Rd1 Rd8 28. Rxd8+ Bxd8 29. b4 Ne6 30. Ne2 Nd4 31. Nxd4 exd4 32. Rd3 Bf6 33. f4 Kf7 34. Kg2 Rh8 35. e5 Be7 36. Rxd4 Rd8 37. Rc4 a5 38. Kh3 Rd3 39. bxa5 Rxa3 40. Rd4 Rxa5 41. Rd7 Rb5 42. Kg4 Ke6 43. Rc7 g6 44. Rc8 Rb4 45. Rg8 g5 46. Rc8 c5 47. Rc7 gxf4 48. gxf4 b5 49. Rb7 c4 50. f5+ Kf7 51. Kf3 c3 52. Ke3 Rb1 53. Kd3 Ke8 54. Kxc3 b4+ 55. Kd3 Kf7 56. f6 Rd1+ 57. Kc2 Re1 58. Rxe7+ Kf8 59. e6 Rf1 60. Rb7 Rxf6 61. e7+ Ke8 62. Kb3 Rf7 63. Kxb4 Rxe7 64. Rb6 Kd8 1/2-1/2

[Event "NEP-ch (Women)"]
[Site "Kathmandu"]
[Date "2023.04.20"]
[Round "3"]
[White "Tamang, Marshal"]
[Black "Gurung, Sushila"]
[Result "1-0"]
[WhiteElo "1390"]
[BlackElo "1326"]
[PlyCount "141"]
[EventDate "2023.04.18"]
[EventType "tourn"]
[EventRounds "9"]
[EventCountry "NEP"]
[SourceTitle "EXT 2024"]
[Source "ChessBase"]
[SourceDate "2023.10.10"]
[SourceVersion "1"]
[SourceVersionDate "2023.10.10"]
[SourceQuality "1"]

1. e4 d6 2. d4 Nf6 3. Nc3 g6 4. Nf3 Bg7 5. Bc4 c6 6. a4 d5 7. exd5 cxd5 8. Bb5+ Bd7 9. Bf4 0-0 10. Be5 Bxb5 11. Nxb5 Nc6 12. Nc3 Ne4 13. Bxg7 Nxc3 14. bxc3 Kxg7 15. 0-0 e6 16. Ne5 Nxe5 17. dxe5 Rc8 18. Qd4 b6 19. Rfd1 Rc4 20. Qxc4 dxc4 21. Rxd8 Rxd8 22. Kf1 Rd5 23. f4 g5 24. g3 h5 25. Ke1 f6 26. Rd1 fxe5 27. Rxd5 exd5 28. fxg5 Kg6 29. h4 Kf5 30. Ke2 a6 31. Ke3 b5 32. a5 Kg6 33. Kd2 d4 34. cxd4 exd4 35. c3 d3 36. Ke3 Kf5 37. Kd2 Ke6 38. Ke3 Kf7 39. Kd2 Ke7 40. Ke3 Ke6 41. Kd2 Ke5 42. Ke3 Kd5 43. Kd2 b4 44. cxb4 Kd4 45. g6 c3+ 46. Kd1 Ke3 47. g7 c2+ 48. Kc1 Ke2 49. g8Q d2+ 50. Kxc2 d1Q+ 51. Kc3 Qd2+ 52. Kb3 Qd3+ 53. Ka4 Qb5+ 54. Ka3 Kf2 55. Qd8 Qe2 56. Qg8 Qe3+ 57. Qb3 Qe7 58. Ka4 Qe4 59. Ka3 Qe7 60. Ka2 Qd7 61. Kb2 Qg7+ 62. Qc3 Qxg3 63. Qd2+ Kf3 64. Qd3+ Kf4 65. Qxg3+ Kxg3 66. b5 axb5 67. a6 Kxh4 68. a7 Kg3 69. a8Q h4 70. Qh1 h3 71. Kb3 1-0

[Event "Budha Bhandari Memorial"]
[Site "Budhanilkantha"]
[Date "2019.11.11"]
[Round "4"]
[White "Gurung, Sushila"]
[Black "Lohani, Sujana"]
[Result "0-1"]
[WhiteElo "1392"]
[BlackElo "1651"]
[PlyCount "56"]
[EventDate "2019.11.09"]
[EventType "swiss"]
[EventRounds "9"]
[EventCountry "NEP"]
[SourceTitle "CBM 193 Extra"]
[Source "ChessBase"]
[SourceDate "2020.01.31"]
[SourceVersion "1"]
[SourceVersionDate "2020.01.31"]
[SourceQuality "1"]

1. Nf3 Nf6 2. Nc3 g6 3. e4 d6 4. d4 Bg7 5. Bd3 0-0 6. h3 Nbd7 7. Be3 c6 8. Qd2 b5 9. Bh6 b4 10. Ne2 c5 11. h4 Bxh6 12. Qxh6 Ng4 13. Qd2 h5 14. Ng5 Nb6 15. Nf4 e5 16. f3 exf4 17. fxg4 Bxg4 18. Qxf4 cxd4 19. b3 Qe7 20. Kd2 Qe5 21. Rhf1 Rac8 22. Rae1 Rc7 23. Qf6 Nd7 24. Qf4 Qc5 25. Bc4 Ne5 26. Rc1 Nxc4+ 27. bxc4 Qxc4 28. Ke1 Qe2# 0-1

[Event "Olympiad Women-43"]
[Site "Batumi"]
[Date "2018.09.24"]
[Round "1.43"]
[White "Rogule, Laura"]
[Black "Gurung, Sushila"]
[Result "1-0"]
[WhiteElo "2268"]
[BlackElo "1414"]
[PlyCount "91"]
[EventDate "2018.09.24"]
[EventType "team-swiss"]
[EventRounds "11"]
[EventCountry "GEO"]
[SourceTitle "EXT 2020"]
[Source "ChessBase"]
[SourceDate "2019.10.17"]
[SourceVersion "1"]
[SourceVersionDate "2019.10.17"]
[SourceQuality "1"]
[WhiteTeam "Latvia (W)"]
[BlackTeam "Nepal (W)"]
[WhiteTeamCountry "LAT"]
[BlackTeamCountry "NEP"]

1. d4 d6 2. Nf3 Nf6 3. c4 g6 4. Nc3 Bg7 5. g3 0-0 6. Bg2 Nbd7 7. 0-0 c6 8. e4 h6 9. h3 Re8 10. Re1 Nh7 11. Kh2 Qc7 12. Be3 e5 13. Qd2 Nb6 14. b3 Nd7 15. Bxh6 Bf6 16. Rad1 a6 17. Be3 Ndf8 18. Na4 Nd7 19. dxe5 dxe5 20. c5 Rd8 21. Qd6 Qa5 22. Bd2 Nxc5 23. Bxa5 Rxd6 24. Rxd6 Nxa4 25. bxa4 Be6 26. Rb1 Be7 27. Rd2 b5 28. Nxe5 Rc8 29. Rc2 c5 30. axb5 axb5 31. Rxb5 Bd6 32. Nc4 Be7 33. e5 Nf8 34. Nd6 Bxd6 35. exd6 Nd7 36. Bc7 Kg7 37. a4 c4 38. a5 Nf6 39. a6 Ne8 40. a7 Nxc7 41. dxc7 Rxc7 42. a8Q c3 43. Rxc3 Rxc3 44. Qa1 Kh6 45. Qxc3 Bxh3 46. Qh8# 1-0